From modernism to postmodernism : (Record no. 18685)

MARC details
000 -LEADER
fixed length control field 00987cam a22003015a 4500
001 - CONTROL NUMBER
control field 12758122
005 - DATE AND TIME OF LATEST TRANSACTION
control field 20150810115409.0
008 - FIXED-LENGTH DATA ELEMENTS--GENERAL INFORMATION
fixed length control field 020427t2003 mau frb 001 0 eng d
010 ## - LIBRARY OF CONGRESS CONTROL NUMBER
LC control number 2002071051
020 ## - INTERNATIONAL STANDARD BOOK NUMBER
International Standard Book Number 9780631232124 (alk. paper)
020 ## - INTERNATIONAL STANDARD BOOK NUMBER
International Standard Book Number 9780631232131
040 ## - CATALOGING SOURCE
Original cataloging agency DLC
Language of cataloging eng
Transcribing agency DLC
Modifying agency EG-ScBUE
-- DLC
082 04 - DEWEY DECIMAL CLASSIFICATION NUMBER
Classification number 149
Edition number 22
Item number FRO
245 00 - TITLE STATEMENT
Title From modernism to postmodernism :
Remainder of title an anthology /
Statement of responsibility, etc edited by Lawrence Cahoone.
250 ## - EDITION STATEMENT
Edition statement 2nd ed., Expanded ed.
260 ## - PUBLICATION, DISTRIBUTION, ETC. (IMPRINT)
Place of publication, distribution, etc Malden, Massachusetts :
Name of publisher, distributor, etc Blackwell Publishing,
Date of publication, distribution, etc c.2003.
300 ## - PHYSICAL DESCRIPTION
Extent xv, 622 p. ;
Dimensions 26 cm.
490 0# - Series Statement
Series statement Blackwell philosophy anthologies ;
Volume/sequential designation 2
500 ## - GENERAL NOTE
General note Index : p. 606-622.
504 ## - BIBLIOGRAPHY, ETC. NOTE
Bibliography, etc Bibliography : p. 601-605.
650 #0 - SUBJECT ADDED ENTRY--TOPICAL TERM
Topical term or geographic name as entry element Postmodernism
9 (RLIN) 12566
Source of heading or term BUEsh
650 #0 - SUBJECT ADDED ENTRY--TOPICAL TERM
Topical term or geographic name as entry element Modernism (Christian theology)
Source of heading or term BUEsh
651 ## - SUBJECT ADDED ENTRY--GEOGRAPHIC NAME
Source of heading or term BUEsh
653 ## - INDEX TERM--UNCONTROLLED
Resource For college BAEPS, Business Administration
Arrived date list August2015
655 ## - INDEX TERM--GENRE/FORM
Form subdivision
-- 34232
700 1# - ADDED ENTRY--PERSONAL NAME
Personal name Cahoone, Lawrence,
Dates associated with a name 1954-,
9 (RLIN) 36701
Relator term editor.
942 ## - ADDED ENTRY ELEMENTS (KOHA)
Source of classification or shelving scheme Dewey Decimal Classification
Call number prefix 149 FRO
Holdings
Withdrawn status Item status Source of classification or shelving scheme Damaged status Not for loan Vendor Home library Current library Shelving location Date acquired Source of acquisition Cost, normal purchase price Serial Enumeration / chronology Total Checkouts Total Renewals Full call number Barcode Date last seen Date last borrowed Cost, replacement price Koha item type
    Dewey Decimal Classification     Baccah Central Library Central Library Lower Floor 30/11/2014   360.00 20677 3 15 149 FRO 000037065 15/07/2025 05/01/2019 450.00 Book - Borrowing